[Event "Stay Safe Play From Home 291"]
[Site "Emanuel Lasker Arena"]
[Date "2020.07.09"]
[Round "9"]
[White "Position"]
[Black "Haxhi Baha"]
[Result "1-0"]
[WhiteElo "2074"]
[BlackElo "1898"]
[Annotator "TA"]
[PlyCount "77"]
[EventDate "2020.07.09"]
[EventType "swiss (blitz)"]

{[%evp 13,77,11,12,14,18,12,21,24,33,24,34,43,40,12,24,0,36,16,23,5,9,0,0,0,0,-4,0,0,0,0,0,0,0,0,0,0,0,0,0,0,0,0,0,-109,-75,-175,-162,-164,-108,-103,-72,-85,-75,-63,-47,-49,104,56,4906,4902,29990,29991,29991,29992,29991,29992]} 1. e4 e6 2. Nf3 d5 3. exd5 exd5 4. d4 c6 5. h3 Nf6 6. Bd3 Bd6 7. O-O O-O 8. Re1 {C01: French: Exchange Variation.} h6 9. Nbd2 Nbd7 10. Nf1 {The position is equal.} Qc7 11. c3 (11. Ne3 {is interesting.} Nb6 12. b3 Bb4 13. Bd2 Bxd2 14. Qxd2 Re8 15. c4) 11... Re8 12. Rxe8+ Nxe8 {[#]} 13. Bc2 $146 ({Predecessor:} 13. Ne3 Ndf6 14. Nf5 Bxf5 15. Bxf5 Bf4 16. Bd3 Ne4 17. Qb3 Bxc1 18. Rxc1 Qf4 19. Re1 {½-½ (28) Andrzejewska,A (1940)-Tuczynski,P Poznan 2003}) 13... Ndf6 14. Be3 Bf4 15. Qd2 Bxe3 16. Qxe3 ({Don't play} 16. fxe3 Nd6 $15) 16... Nd6 17. Re1 Bf5 18. Bxf5 Nxf5 19. Qd3 g6 20. Ne5 Kg7 21. Ne3 Nd6 22. N3g4 Nxg4 23. hxg4 Re8 24. f3 Nc4 25. b3 Nxe5 26. dxe5 Rxe5 $11 {[%mdl 4096] Endgame KQR-KQR} 27. Qd4 f6 28. Rd1 (28. Rxe5 $11 {was the only way to keep the balance.} fxe5 29. Qxa7) 28... Qb6 29. c4 {[#]} (29. Qxb6 $17 axb6 30. c4) 29... Re1+ $1 $19 {[%mdl 512]} 30. Kh2 {[#] And now Qxb6 would win.} (30. Rxe1 Qxd4+) 30... Qc7+ ({Better is} 30... Rxd1 $1 $19 31. Qxd1 d4) 31. g3 $17 Re2+ 32. Kh3 h5 33. cxd5 hxg4+ 34. Qxg4 f5 $2 ({Avoid the trap} 34... Rxa2 $2 35. dxc6 Qxc6 36. Rd7+ Kf8 37. Qb4+ Kg8 38. Qe7 $18) (34... Qd8 $15 {keeps the upper hand.} 35. d6 Qh8+ 36. Qh4 Qe8) 35. Qd4+ Kh6 $2 {[%mdl 8192] A mistake that costs the game.} (35... Qe5 $14) 36. d6 $18 Qd7 37. Qh8+ {White mates.} Qh7 38. Qxh7+ Kxh7 39. d7 {Accuracy: White = 80%, Black = 56%.} 1-0

[Event "Stay Safe Play From Home 291"]
[Site "Emanuel Lasker Arena"]
[Date "2020.07.09"]
[Round "9"]
[White "Lazieri3"]
[Black "Chesstiger9"]
[Result "1/2-1/2"]
[WhiteElo "1986"]
[BlackElo "1982"]
[Annotator "TA"]
[PlyCount "43"]
[EventDate "2020.07.09"]
[EventType "swiss (blitz)"]

{[%evp 9,43,47,49,54,40,2,6,0,0,0,12,0,-8,-6,28,31,31,7,12,8,20,-9,-8,-11,-22,-28,0,-14,-18,-28,0,0,5,0,22,22]} 1. e4 c5 2. Nc3 e6 3. d3 d5 4. Nf3 dxe4 5. dxe4 Qxd1+ 6. Nxd1 {B23: Closed Sicilian: Lines without g3.} Nc6 {[#]} 7. Bb5 $146 ({Predecessor:} 7. Bf4 f6 8. Nc3 e5 9. Bg3 a6 10. Bc4 Bd6 11. O-O Nge7 12. a3 Nd4 13. Nxd4 cxd4 {0-1 (81) Vakali,A (1105)-Tzakosta,K Rio 2018}) 7... Bd7 8. O-O Nf6 9. Nc3 a6 10. Bxc6 Bxc6 11. Re1 Be7 12. Ne5 Rc8 13. Nxc6 Rxc6 14. Bg5 h6 15. Bh4 Nd7 16. Bxe7 Kxe7 17. Rad1 Rd8 18. b3 Rcc8 19. f3 Nf6 20. Kf2 {The position is equal.} Rxd1 21. Rxd1 Rd8 22. Rxd8 {Accuracy: White = 81%, Black = 85%.} 1/2-1/2

[Event "Stay Safe Play From Home 291"]
[Site "Emanuel Lasker Arena"]
[Date "2020.07.09"]
[Round "9"]
[White "Haris kollari 13"]
[Black "Lucknow"]
[Result "1-0"]
[WhiteElo "1854"]
[BlackElo "1755"]
[Annotator "NA RC"]
[PlyCount "125"]
[EventDate "2020.07.09"]
[EventType "swiss (blitz)"]

1. e4 {[%emt 0:00:01]} c5 {[%emt 0:00:03]} 2. Nf3 {[%emt 0:00:02]} d6 {[%emt 0:00:02]} 3. d4 {[%emt 0:00:01]} cxd4 {[%emt 0:00:01]} 4. Nxd4 {[%emt 0:00:00]} Nf6 {[%emt 0:00:01]} 5. Nc3 {[%emt 0:00:01]} g6 {[%emt 0:00:00]} 6. f4 {[%emt 0:00:01]} Nc6 {[%emt 0:00:01]} 7. Be3 {[%emt 0:00:01]} Bg7 {[%emt 0:00:03]} 8. Be2 {[%emt 0:00:01]} O-O {[%emt 0:00:01]} 9. h3 {[%emt 0:00:03]} Nxd4 {[%emt 0:00:03]} 10. Bxd4 {[%emt 0:00:01]} Bd7 {[%emt 0:00:00]} 11. g4 {[%emt 0:00:02]} Bc6 {[%emt 0:00:01]} 12. Bf3 {[%emt 0:00:01]} e5 {[%emt 0:00:22]} 13. Be3 {[%emt 0:00:11]} exf4 {[%emt 0:00:10]} 14. Bxf4 {[%emt 0:00:01]} Re8 {[%emt 0:00:04]} 15. Qd3 {[%emt 0:00:02]} b5 {[%emt 0:00:25]} 16. O-O-O {[%emt 0:00:07]} b4 {[%emt 0:00:01]} 17. Nd5 {[%emt 0:00:01]} Bxd5 {[%emt 0:00:10]} 18. exd5 {[%emt 0:00:02]} Qa5 {[%emt 0:00:11]} 19. Kb1 {[%emt 0:00:02]} Qb6 {[%emt 0:00:15]} 20. h4 {[%emt 0:00:05]} Nd7 {[%emt 0:00:12]} 21. h5 {[%emt 0:00:11]} Ne5 {[%emt 0:00:01]} 22. Bxe5 {[%emt 0:00:04]} Rxe5 {[%emt 0:00:06]} 23. Rde1 {[%emt 0:00:05]} Rae8 {[%emt 0:00:02]} 24. Rxe5 {[%emt 0:00:01]} Rxe5 {[%emt 0:00:00]} 25. hxg6 {[%emt 0:00:01]} hxg6 {[%emt 0:00:03]} 26. Bd1 {[%emt 0:00:03]} Re3 {[%emt 0:00:03]} 27. Qc4 {[%emt 0:00:06]} Qd4 {[%emt 0:00:09]} 28. Qc8+ {[%emt 0:00:04]} Bf8 {[%emt 0:00:03]} 29. Rf1 {[%emt 0:00:09]} Qe5 {[%emt 0:00:08]} 30. Qc7 {[%emt 0:00:06]} Qe7 {[%emt 0:00:01]} 31. Qxe7 {[%emt 0:00:10]} Rxe7 {[%emt 0:00:00]} 32. b3 {[%emt 0:00:04]} Re4 {[%emt 0:00:03]} 33. Bf3 {[%emt 0:00:06]} Rd4 {[%emt 0:00:01]} 34. Rd1 {[%emt 0:00:04]} Rxd1+ {[%emt 0:00:02]} 35. Bxd1 {[%emt 0:00:01]} Kg7 {[%emt 0:00:01]} 36. a3 {[%emt 0:00:03]} Kf6 {[%emt 0:00:00]} 37. axb4 {[%emt 0:00:02]} Ke5 {[%emt 0:00:01]} 38. Bf3 {[%emt 0:00:01]} Kf4 {[%emt 0:00:01]} 39. Be2 {[%emt 0:00:01]} Ke4 {[%emt 0:00:01]} 40. c4 {[%emt 0:00:02]} f5 {[%emt 0:00:02]} 41. gxf5 {[%emt 0:00:02]} gxf5 {[%emt 0:00:01]} 42. Kc2 {[%emt 0:00:01]} f4 {[%emt 0:00:01]} 43. Kc3 {[%emt 0:00:02]} Ke3 {[%emt 0:00:01]} 44. Bf1 {[%emt 0:00:02]} f3 {[%emt 0:00:00]} 45. Bh3 {[%emt 0:00:02]} Bg7+ {[%emt 0:00:01]} 46. Kc2 {[%emt 0:00:01]} Kd4 {[%emt 0:00:00]} 47. Kd2 {[%emt 0:00:02]} Bh6+ {[%emt 0:00:01]} 48. Ke1 {[%emt 0:00:02]} Be3 {[%emt 0:00:00]} 49. Kf1 {[%emt 0:00:01]} Kc3 {[%emt 0:00:01]} 50. Bg4 {[%emt 0:00:01]} Kxb3 {[%emt 0:00:01]} 51. Bh5 {[%emt 0:00:02]} Kxb4 {[%emt 0:00:01]} 52. Bxf3 {[%emt 0:00:05]} Kc5 {[%emt 0:00:00]} 53. Ke2 {[%emt 0:00:00]} Kxc4 {[%emt 0:00:01]} 54. Kxe3 {[%emt 0:00:01]} Kc5 {[%emt 0:00:00]} 55. Kd3 {[%emt 0:00:01]} a5 {[%emt 0:00:00]} 56. Kc3 {[%emt 0:00:01]} a4 {[%emt 0:00:00]} 57. Kb2 {[%emt 0:00:01]} Kb5 {[%emt 0:00:00]} 58. Ka3 {[%emt 0:00:01]} Ka5 {[%emt 0:00:00]} 59. Be2 {[%emt 0:00:01]} Kb6 {[%emt 0:00:01]} 60. Bc4 {[%emt 0:00:01]} Kc5 {[%emt 0:00:00]} 61. Ba2 {[%emt 0:00:01]} Kb5 {[%emt 0:00:00]} 62. Bb1 {[%emt 0:00:01]} Ka5 {[%emt 0:00:00]} 63. Be4 {[%emt 0:00:01] Zeit (Lag: Av=0.69s, max=4.1s) Lucknow gibt auf} 1-0

[Event "Stay Safe Play From Home 291"]
[Site "Emanuel Lasker Arena"]
[Date "2020.07.09"]
[Round "9"]
[White "Capaeuwekhine"]
[Black "Serrano2003"]
[Result "1-0"]
[WhiteElo "1652"]
[BlackElo "1322"]
[Annotator "NA RC"]
[PlyCount "75"]
[EventDate "2020.07.09"]
[EventType "swiss (blitz)"]

1. d4 {[%emt 0:00:02]} e6 {[%emt 0:00:02]} 2. c4 {[%emt 0:00:01]} d5 {[%emt 0:00:01]} 3. Nc3 {[%emt 0:00:01]} dxc4 {[%emt 0:00:01]} 4. e3 {[%emt 0:00:02]} Bd7 {[%emt 0:00:01]} 5. Nf3 {[%emt 0:00:01]} Bc6 {[%emt 0:00:02]} 6. Bxc4 {[%emt 0:00:01]} Nf6 {[%emt 0:00:02]} 7. O-O {[%emt 0:00:01]} Be7 {[%emt 0:00:01]} 8. b3 {[%emt 0:00:02]} O-O {[%emt 0:00:02]} 9. Bb2 {[%emt 0:00:01]} Nbd7 {[%emt 0:00:01]} 10. Bd3 {[%emt 0:00:01]} Nb6 {[%emt 0:00:00]} 11. Qe2 {[%emt 0:00:02]} Nbd5 {[%emt 0:00:02]} 12. Nxd5 {[%emt 0:00:02]} Nxd5 {[%emt 0:00:02]} 13. e4 {[%emt 0:00:02]} Nf4 {[%emt 0:00:02]} 14. Qd2 {[%emt 0:00:02]} Nxd3 {[%emt 0:00:01]} 15. Qxd3 {[%emt 0:00:01]} a6 {[%emt 0:00:01]} 16. e5 {[%emt 0:00:02]} Bb5 {[%emt 0:00:01]} 17. Qe3 {[%emt 0:00:02]} Bxf1 {[%emt 0:00:02]} 18. Rxf1 {[%emt 0:00:01]} Qd5 {[%emt 0:00:02]} 19. Nd2 {[%emt 0:00:02]} c5 {[%emt 0:00:02]} 20. Ne4 {[%emt 0:00:02]} cxd4 {[%emt 0:00:02]} 21. Bxd4 {[%emt 0:00:05]} Rad8 {[%emt 0:00:05]} 22. Rd1 {[%emt 0:00:03]} Qc6 {[%emt 0:00:02]} 23. Re1 {[%emt 0:00:07]} Qd5 {[%emt 0:00:04]} 24. Ba1 {[%emt 0:00:05]} Qd3 {[%emt 0:00:03]} 25. Qf4 {[%emt 0:00:07]} Qd1 {[%emt 0:00:06]} 26. Qe3 {[%emt 0:00:08]} Qd3 {[%emt 0:00:02]} 27. Qf4 {[%emt 0:00:01]} h6 {[%emt 0:00:05]} 28. h3 {[%emt 0:00:03]} Bg5 {[%emt 0:00:03]} 29. Qg4 {[%emt 0:00:05]} Kh7 {[%emt 0:00:03]} 30. h4 {[%emt 0:00:04]} Be7 {[%emt 0:00:02]} 31. h5 {[%emt 0:00:05]} f5 {[%emt 0:00:02]} 32. exf6 {[%emt 0:00:02]} Rf7 {[%emt 0:00:02]} 33. Qg6+ {[%emt 0:00:02]} Kg8 {[%emt 0:00:03]} 34. fxe7 {[%emt 0:00:01]} Rxe7 {[%emt 0:00:01]} 35. f3 {[%emt 0:00:10]} Qd5 {[%emt 0:00:03]} 36. Nf6+ {[%emt 0:00:03]} Kf8 {[%emt 0:00:04]} 37. Nxd5 {[%emt 0:00:01]} exd5 {[%emt 0:00:02]} 38. Rxe7 {[%emt 0:00:04] Serrano2003 rinde (Lag: Av=1.03s, max=4.7s)} 1-0

[Event "Stay Safe Play From Home 291"]
[Site "Emanuel Lasker Arena"]
[Date "2020.07.09"]
[Round "9"]
[White "Klasman"]
[Black "AChessPlayer"]
[Result "0-1"]
[WhiteElo "1590"]
[BlackElo "2258"]
[Annotator "TA"]
[PlyCount "56"]
[EventDate "2020.07.09"]
[EventType "swiss (blitz)"]

{[%evp 10,56,7,6,9,-17,13,-27,-27,-22,27,-52,39,-21,16,13,16,3,14,-6,-5,-37,-33,-45,-12,1,0,-46,-33,-104,-106,-111,-101,-100,-104,-101,-114,-123,-93,-165,-148,-197,-157,-253,-259,-274,-263,-479,-472]} 1. f4 d5 2. Nf3 g6 3. e3 Bg7 4. d4 Nf6 5. c4 c6 6. Nc3 O-O {A03: Bird's Opening with 1...d5.} 7. Bd2 {[#]} Nbd7 $146 ({Predecessor:} 7... a6 8. c5 a5 9. a3 Nbd7 10. b4 Ne4 11. b5 Ndxc5 12. bxc6 bxc6 13. Ne5 Nxc3 14. Bxc3 {0-1 (26) Krstev,E (1997)-Vanden Bussche,S (2074) Skopje 2019}) 8. Bd3 dxc4 {Black has an edge.} 9. Bxc4 Nb6 10. Bd3 (10. Be2 $11) 10... Nbd5 (10... c5 $15) 11. O-O (11. e4 $14) 11... Nxc3 (11... c5 $5) 12. bxc3 Bf5 13. Bxf5 gxf5 14. Qc2 e6 15. Ne5 Ne4 16. Nf3 Kh8 17. Ng5 Nd6 18. Qd1 Bf6 19. Qh5 ({White should try} 19. Nf3 $15) 19... Bxg5 $1 $17 20. fxg5 Ne4 21. Be1 Qxg5 22. Qxg5 Nxg5 23. Rf4 b5 24. Bh4 (24. Kf1 $17) 24... Ne4 $19 25. Raf1 h6 26. R1f3 (26. Be1 $17) 26... Nxc3 27. Bf6+ Kh7 28. Rh3 $2 {[#]} (28. Rh4 {is the only way for White.} Rg8 29. Be5) 28... Ne2+ {Accuracy: White = 33%, Black = 59%.} 0-1

[Event "Stay Safe Play From Home 291"]
[Site "Emanuel Lasker Arena"]
[Date "2020.07.09"]
[Round "9"]
[White "Timbre"]
[Black "Weltszmerc"]
[Result "0-1"]
[WhiteElo "1540"]
[BlackElo "2002"]
[Annotator "TA"]
[PlyCount "90"]
[EventDate "2020.07.09"]
[EventType "swiss (blitz)"]

{[%evp 12,90,15,0,19,6,10,8,20,16,44,-6,14,0,58,26,16,5,32,-72,-72,-82,-55,-56,-69,-166,-180,-162,-46,-52,118,-118,-110,-120,-115,-117,-66,-68,-58,-100,10,-97,-43,-140,-136,-171,-58,-59,-61,-149,-153,-142,-127,-223,-213,-241,-212,-300,-238,-282,-185,-300,-203,-311,-104,-419,-416,-396,-373,-578,-561,-567,-514,-639,-575,-743,-737,-686,-686,-706,-670]} 1. d4 Nf6 2. Nf3 b6 3. c4 Bb7 4. Nc3 e6 5. a3 Be7 6. Bf4 O-O 7. e3 d6 {E12: Queen's Indian: Unusual White 4th moves, 4 a3, 4 Nc3 Bb7 5 a3 and 4 Nc3 Bb7 .} 8. Be2 Nbd7 9. O-O Re8 {The position is equal.} 10. h3 Bf8 {[#]} 11. Nb5 $146 ({Predecessor:} 11. e4 Nxe4 12. Qc2 Nxc3 13. Qxc3 e5 14. dxe5 dxe5 15. Nxe5 Nxe5 16. Bxe5 Qe7 17. f4 {0-1 (33) Morales,D (1815)-Cespedes Galindo,E (1716) Cartagena 2019}) 11... e5 12. dxe5 Nxe5 (12... dxe5 $11 13. Bh2 a6) 13. Nxe5 dxe5 14. Bg3 Qe7 15. Bf3 (15. Bh4 $14) 15... Rad8 $17 16. Qe2 Ne4 17. Bxe4 $1 Bxe4 18. Qg4 (18. Rfd1 $15) 18... f5 $19 19. Qh4 {With the idea Qxe7.} c6 (19... g5 $19 20. Qh5 f4) 20. Qxe7 $15 Bxe7 $2 {[#]} (20... Rxe7 $15 {keeps the upper hand.} 21. Nc3 Bd3) 21. Nc3 $2 (21. Nc7 $16 {is necessary to keep the advantage.}) 21... Bd3 $17 22. Rfc1 Bf6 23. b3 e4 ({Black should try} 23... Rf8 $17 24. Ra2 {[#]} f4 $1 {[%mdl 512]} 25. exf4 exf4 26. Bxf4 Bxc3) 24. Ra2 $15 Kf7 25. a4 a5 (25... g5 $17 26. a5 b5) 26. Rd2 (26. Bc7 $11 {keeps the balance.}) 26... Rd7 (26... Be7 $17) 27. Rdd1 (27. Ne2 $15) 27... Ke6 28. Re1 Be5 (28... g5 $19 29. Bh2 h5) 29. Bxe5 Kxe5 30. Ne2 (30. Rcd1 $15) 30... Bxe2 $1 $17 31. Rxe2 {[%mdl 4096] Endgame KRR-KRR} c5 32. Rcc2 (32. Rec2 $17) 32... Red8 33. Kh2 Rd1 34. Kg3 (34. h4 $142) 34... Rb1 35. Rb2 Rdd1 36. f3 (36. h4 {was called for.}) 36... Rf1 37. fxe4 (37. Red2 $142 exf3 38. gxf3) 37... fxe4 $2 (37... Kxe4 $19 {and Black stays clearly on top. Hoping for ...Rxb2.} 38. Kh2 Rfe1) 38. Kh2 $2 {[%mdl 8192] White does not recover from this.} (38. Rbd2 $17) 38... Rxb2 $19 39. Rxb2 {KR-KR} Re1 40. Kg3 (40. Rd2 {keeps fighting.} Rxe3 41. Rd7) 40... Rxe3+ {Black is clearly winning.} 41. Kf2 Rd3 42. Re2 Kd4 43. Rb2 g5 44. Rb1 Kc3 45. Rc1+ Kxb3 {Accuracy: White = 24%, Black = 45%.} 0-1